| 000 | 00497nam a2200205Ia 4500 | ||
|---|---|---|---|
| 005 | 20230325095503.0 | ||
| 008 | 131103s9999 xx 000 0 und d | ||
| 040 | _aLoreto College | ||
| 041 | _aEnglish | ||
| 082 |
_a822.91 _bBON |
||
| 100 | _aBond, Edward | ||
| 245 |
_aSaved _cEdward Bond |
||
| 250 | _apb ed. | ||
| 260 |
_aLondon _bMethuen & CO. Ltd. _c1969 |
||
| 300 | _a123p. | ||
| 440 | _amethuen's modern plays series | ||
| 650 | _aEnglish drama | ||
| 850 | _aLCLIB | ||
| 942 | _cBK | ||
| 999 |
_c21936 _d72415 |
||